[Event "13th Poti Nana Aleksandria Cup"]
[Site "Poti"]
[Date "2018.07.16"]
[Round "5"]
[White "Danielyan, Vahe"]
[Black "Vakhania, Aleksandra"]
[Result "0-1"]
[WhiteElo "2317"]
[BlackElo "2182"]
[Annotator "TA"]
[PlyCount "84"]
[EventDate "2018.07.13"]
[EventType "swiss"]
[EventCountry "GEO"]
[SourceTitle "playchess.com"]
[Source "ChessBase"]
[SourceQuality "1"]

{[%evp 22,84,-75,-29,-11,-12,-17,-29,0,-17,-12,-47,-10,-9,-4,-41,-23,-25,0,0,0,0,0,-18,-31,-35,-33,-52,-39,-54,-50,-67,-54,-71,-11,-8,-12,-13,-3,-105,-106,-158,-76,-87,0,0,0,0,0,0,0,0,0,0,0,-1411,-1177,-1319,-1366,-1307,-1104,-979,-1007,-953,-876]} 1. Nf3 d5 2. g3 Nf6 3. Bg2 e6 4. O-O Be7 5. d3 b6 6. Nbd2 Bb7 7. e4 c5 8. e5 Nfd7 9. Re1 Nc6 10. Nf1 Qc7 11. Bf4 h6 12. h4 {LiveBook: 20 Games. C00: French: Unusual White 2nd moves} Nd4 $146 ({Predecessor:} 12... O-O-O 13. c3 Rdg8 14. d4 g5 15. hxg5 hxg5 16. Be3 cxd4 17. cxd4 Kb8 18. a3 Qd8 19. b4 Qf8 20. Rc1 Qh6 21. Qa4 {1-0 (53) Kozul,Z (2613)-Kosteniuk,A (2555) Tallinn 2016}) 13. h5 Nxf3+ 14. Bxf3 {The position is equal.} g5 15. hxg6 fxg6 16. c4 {[#] Hoping for cxd5.} dxc4 17. Bxb7 Qxb7 18. Qg4 Nf8 19. dxc4 O-O-O 20. Rad1 h5 21. Rxd8+ Bxd8 22. Qd1 g5 23. Bc1 h4 24. Qg4 hxg3 25. Nxg3 Rh4 26. Qd1 Rxc4 27. Qh5 $1 Qd5 ({Better is} 27... Qg7 $17) 28. Qe8 $132 {[%mdl 2048] White is fighting back} Nh7 29. Qg8 Rh4 30. Be3 (30. Re2 $1 $11) 30... Kb7 $17 ({Stronger than} 30... Qxe5 31. Rd1 $16) 31. b4 (31. Qg7+ $142 Bc7 32. b3) 31... c4 (31... cxb4 $142 32. Qe8 Rh3) 32. a4 {[#]} Bc7 ({Black should try} 32... Qd7 $1 $17 33. a5 Be7) 33. a5 $1 $11 {[%cal Ra5a6] Strongly threatening a6+.} Bxe5 34. Qf7+ Kc8 35. Qe8+ Kb7 {...Bxg3 is the strong threat.} 36. Qe7+ Kc8 {And now ...Bxg3 would win.} 37. axb6 Bxg3 {[%csl Gd5][%cal Rh4h1]} 38. b7+ $2 {[%mdl 8192]} (38. Qe8+ $11 Kb7 39. Qf7+ Kc8 40. Qe8+ Kb7 41. Qe7+ Kc8 42. Qe8+) 38... Kb8 $19 {[%csl Gd5][%cal Rh4h1] Black is clearly winning.} 39. Bxa7+ Kxa7 {[%csl Gd5][%cal Rh4h1]} 40. Ra1+ Kb6 {[%csl Gd5][%cal Rh4h1]} 41. Qc5+ Qxc5 42. bxc5+ Kxb7 {Precision: White = 62%, Black = 43%.} 0-1

[Event "13th Poti Nana Aleksandria Cup"]
[Site "Poti"]
[Date "2018.07.16"]
[Round "5"]
[White "Mammadov, Sadig"]
[Black "Arakelyan, Nare"]
[Result "1/2-1/2"]
[WhiteElo "2312"]
[BlackElo "1834"]
[Annotator "TA"]
[PlyCount "77"]
[EventDate "2018.07.13"]
[EventType "swiss"]
[EventCountry "GEO"]
[SourceTitle "playchess.com"]
[Source "ChessBase"]
[SourceQuality "1"]

{[%evp 22,77,-16,-31,-25,-19,-14,-32,-17,-40,-40,-39,-38,-89,0,0,0,0,0,-32,0,-2,17,0,0,0,0,0,45,8,52,32,43,20,12,12,19,0,129,0,0,0,391,385,550,547,480,28,28,23,35,13,14,-11,-12,-11,-11,-11]} 1. e4 c5 2. Nf3 d6 3. d4 cxd4 4. Nxd4 Nf6 5. Nc3 a6 6. Bg5 e6 7. f4 Qb6 8. Qd2 Qxb2 9. Rb1 Qa3 10. Bxf6 gxf6 11. Be2 Nc6 12. Nb3 Be7 {B97: Sicilian Najdorf: Poisoned Pawn} 13. O-O h5 {[%cal Bh7h5,Bh5h4][%mdl 32]} 14. Kh1 Bd7 {Black is slightly better.} 15. Rf3 $146 ({Predecessor:} 15. Nd1 b5 16. Bf3 Rc8 17. Ne3 Bd8 18. Rbd1 Bb6 19. Rfe1 Na5 20. Qxd6 Qxd6 21. Rxd6 Bxe3 22. Nxa5 Bxf4 23. Rxa6 Rxc2 {0-1 (46) Rosenzweig,V-Stodola,J Czechoslovakia 1988}) 15... Rc8 16. Rh3 h4 17. Nc1 (17. Qe1 $15) 17... Qc5 (17... Na5 $17) 18. Rxb7 $11 Na5 $1 {[%cal Ra5b7]} 19. Nb3 Nxb3 20. Rxb3 Qa5 21. Qd3 Ra8 22. Re3 Qc5 23. h3 Bd8 24. Bf3 {Black must now prevent e5.} Bc6 25. Re1 Rg8 26. e5 fxe5 27. Ne4 Bxe4 $1 28. Qxe4 Rc8 29. fxe5 dxe5 {[#]} (29... Qxc2 $11 {remains equal.} 30. Qa4+ (30. exd6 Qxe4 31. Bxe4 Rc4 $14) 30... Kf8) 30. Rb7 (30. Qh7 $1 $16 {[%cal Rh7g8]} Rf8 31. Qg7) 30... Qxc2 31. Qxe5 {And now Qd6 would win.} Bc7 $2 {[%mdl 8192]} (31... Qc3 $11 32. Qe4 Rc4) 32. Qf6 $18 Qc5 {[#]} (32... Kf8 {was worth a try.} 33. Qh6+ (33. Qxh4 Qd2 $14) 33... Rg7) 33. Rxe6+ $1 {[%mdl 512]} Kf8 {( -> ...Qc1+)} (33... fxe6 34. Qxe6+) 34. Re1 $2 (34. Rc6 $18 Qf2 35. Qh6+ Rg7 {[#]} 36. Qd6+ $1 {[%mdl 512]} (36. Rbxc7 Qe1+ 37. Kh2 Qe5+ 38. Kh1 Qe1+ 39. Kh2 Qe5+ 40. Kh1 Qe1+ $11) 36... Kg8 37. Rbxc7 Qe1+ 38. Kh2 Rxc7 39. Rxc7 Qg3+ 40. Qxg3 hxg3+ 41. Kg1) 34... Qd6 $11 35. Qxd6+ Bxd6 36. Bd5 {[%csl Gd5][%cal Rb7f7]} Rc7 {The position is equal.} 37. Rb6 Bg3 38. Rf1 Rg5 39. Bf3 {Precision: White = 27%, Black = 47%.} 1/2-1/2

[Event "13th Poti Nana Aleksandria Cup"]
[Site "Poti"]
[Date "2018.07.16"]
[Round "5"]
[White "Gharagyozyan, Artur"]
[Black "Matsenko, Vadim"]
[Result "1-0"]
[WhiteElo "2302"]
[BlackElo "2106"]
[Annotator "TA"]
[PlyCount "107"]
[EventDate "2018.07.13"]
[EventType "swiss"]
[EventCountry "GEO"]
[SourceTitle "playchess.com"]
[Source "ChessBase"]
[SourceQuality "1"]

{[%evp 18,107,32,38,56,10,57,27,71,66,61,58,82,60,87,69,110,80,66,77,120,105,107,112,198,193,197,176,209,151,172,158,150,155,147,169,224,222,261,264,260,205,202,206,298,234,238,172,287,0,218,252,431,427,403,414,552,546,572,553,529,508,505,505,505,505,505,493,540,539,540,522,535,533,525,504,606,590,730,643,1136,1069,959,921,1254,1254,1070,989,1473,1294,5065,1334]} 1. e4 c5 2. Nc3 Nc6 3. Nf3 d6 4. d4 cxd4 5. Nxd4 Nf6 6. g3 e5 7. Nde2 Be6 8. Bg2 Be7 9. O-O O-O 10. Nd5 {LiveBook: 4 Games. B56: Classical Sicilian: Unusual Lines} (10. h3 Rc8 11. g4 h6 12. Ng3 a6 13. Nf5 b5 14. Nd5 Bxf5 15. Nxe7+ Qxe7 16. exf5 d5 17. c3 e4 18. Bf4 {0-1 (42) Fontaine,R (2563)-Gupta,A (2610) chess.com INT 2018}) 10... Rc8 11. h3 Nd7 12. c3 $146 {White is slightly better.} ({Predecessor:} 12. Be3 Bg5 13. f4 exf4 14. gxf4 Bh4 15. Nec3 Nf6 16. Qd2 Re8 17. Rad1 Bxd5 18. exd5 {1-0 (58) Panov,V-Boleslavsky,I Moscow (Russia) 1942}) 12... f5 13. exf5 Bxf5 14. Nxe7+ Qxe7 15. Qb3+ Be6 16. Qxb7 d5 17. b4 Qd6 18. Qa6 {[#] And now b5 would win.} Ndb8 19. Qd3 Ne7 20. Be3 d4 (20... Qd7 $16) 21. cxd4 $18 Bc4 22. Qd2 exd4 {Threatening ...Bxe2.} 23. Qxd4 Qxd4 24. Nxd4 {Strongly threatening Rfc1.} Bxf1 25. Rxf1 a6 26. a4 Rc4 (26... Rf6 {keeps fighting.} 27. Re1 h6) 27. Rb1 a5 28. bxa5 {Threatens to win with Rb7.} Rxa4 29. Ne6 Re8 30. Bb6 Kf7 (30... Nbc6 $142 31. a6 h6) 31. Re1 h6 32. Nd8+ Kf8 (32... Rxd8 {might work better.} 33. Bxd8 Nbc6) 33. Ne6+ Kf7 $1 34. Nc5 Ra3 $2 (34... Rd4 {was called for.} 35. Ne4 Rd7) 35. Nb7 Rd3 36. Bf1 Rd7 37. Bc4+ {White is clearly winning.} Kf8 38. Nc5 Rc8 39. Nxd7+ Nxd7 40. Be6 Nxb6 41. Bxc8 Nbxc8 42. a6 Nc6 43. Rb1 Kf7 44. g4 g6 45. Rb7+ Kf6 46. Rc7 N8a7 47. f4 h5 48. Kg2 hxg4 49. hxg4 Ke6 50. Kg3 Kd6 51. Rb7 Nc8 52. Kh4 Ke6 53. Kg5 Na5 {[#]} 54. a7 $1 {[%mdl 512] Precision: White = 72%, Black = 33%.} 1-0

[Event "13th Poti Nana Aleksandria Cup"]
[Site "Poti"]
[Date "2018.07.16"]
[Round "5"]
[White "Der Manuelian, Haik"]
[Black "Avetisyan, Mariam"]
[Result "1-0"]
[WhiteElo "2242"]
[BlackElo "2051"]
[Annotator "TA"]
[PlyCount "115"]
[EventDate "2018.07.13"]
[EventType "swiss"]
[EventCountry "GEO"]
[SourceTitle "playchess.com"]
[Source "ChessBase"]
[SourceQuality "1"]

{[%evp 18,115,24,0,29,26,163,31,55,39,47,47,38,37,37,12,54,56,49,54,57,58,58,55,68,72,70,44,47,47,47,47,47,47,47,47,57,50,55,45,45,45,45,45,45,45,57,12,25,28,28,11,42,46,45,46,46,45,46,46,54,47,65,56,244,241,208,27,27,27,27,27,81,19,244,244,321,321,306,299,299,285,256,255,255,247,247,207,200,131,29973,29972,29973,29975,29980,29981,29982,29982,29985,29986]} 1. e4 e6 2. d4 d5 3. Nc3 Bb4 4. exd5 exd5 5. Bd3 Nf6 6. Nge2 Bg4 7. O-O O-O 8. f3 {C01: Französische Verteidigung (Abtauschvariante)} Bh5 9. Nf4 Bg6 10. Nxg6 {LiveBook: 10 Partien. Weiß hat minimalen Vorteil.} fxg6 (10... hxg6 11. Ne2 Re8 12. Bg5 Be7 13. Ng3 Nbd7 14. f4 Nh7 15. Qf3 c6 {1-0 (42) Carlsen,M (2843)-Vallejo Pons,F (2697) Sao Paulo/Bilbao 2012}) 11. Ne2 Nh5 $146 (11... Nc6 $11 {und Schwarz steht sicher.}) ({Vorgänger:} 11... Bd6 12. c4 dxc4 13. Bxc4+ Kh8 14. Nf4 Bxf4 15. Bxf4 Nd5 16. Bxd5 Qxd5 17. Bxc7 {1-0 (58) Sokolov,A (2575)-Rausch,S (2307) Bad Wiessee 2012}) 12. g3 (12. c3 $18 Bd6 13. Qb3) 12... c6 13. Nf4 (13. c4 {is interesting.} dxc4 14. Bxc4+ Kh8 15. Qb3 Qb6 16. Be3) 13... Nxf4 14. Bxf4 Nd7 15. a3 Ba5 16. Be3 Qf6 17. c3 Rae8 18. Qd2 Re6 19. Rae1 Rfe8 20. Kg2 Nf8 21. f4 Qe7 {[%cal Re6e3]} 22. Bf2 Rxe1 23. Rxe1 Qf7 24. Rxe8 Qxe8 25. Qe3 Qxe3 26. Bxe3 $14 {[%mdl 4096] Endspiel KLL-KLS} Kf7 27. Kf3 Kf6 28. g4 {[%cal Bg3g4,Bg4g5][%mdl 32]} Bc7 29. a4 a6 30. g5+ Kf7 31. h4 b5 32. Bf2 Nd7 33. axb5 axb5 34. Bg3 Nb6 35. b3 Nc8 36. f5 Ba5 37. fxg6+ hxg6 38. Be1 Nd6 39. Kg4 Bb6 40. Bg3 Nb7 $2 (40... Nc8 $1 $14) 41. b4 $1 $18 Bd8 42. h5 $2 (42. Bb8 $1 $18) 42... gxh5+ $11 43. Kxh5 {Und Lg6+ würde nun gewinnen.} Be7 $1 44. Bg6+ Kf8 (44... Ke6 $11 {hält das Gleichgewicht.}) 45. Kg4 (45. Bf5 $16) 45... Nd6 $2 (45... Bd6 $1 $11 {und Schwarz ist OK.}) 46. Bf4 $1 $18 Nc4 47. Kf5 $1 Bd6 {[#]} 48. Bxd6+ $1 Nxd6+ {[#] KL-KS} 49. Ke6 $1 {[%cal Re6d6]} Ne4 50. Kd7 Nxc3 51. Kxc6 Ke7 52. Bd3 Ke6 53. Bxb5 Kf5 $2 {[%mdl 8192]} (53... Na2 $16) 54. Bd3+ {Weiß setzt Matt.} Kf4 55. b5 Na4 56. b6 Nxb6 57. Kxb6 Ke3 58. Kc5 {Precision: Weiß = 63%, Schwarz = 37%.} 1-0

[Event "13th Poti Nana Aleksandria Cup"]
[Site "Poti"]
[Date "2018.07.16"]
[Round "5"]
[White "Ghvamberia, Nika"]
[Black "Matsenko, Andrei"]
[Result "1-0"]
[WhiteElo "2236"]
[BlackElo "2299"]
[Annotator "TA"]
[PlyCount "81"]
[EventDate "2018.07.13"]
[EventType "swiss"]
[EventCountry "GEO"]
[SourceTitle "playchess.com"]
[Source "ChessBase"]
[SourceQuality "1"]

{[%evp 30,81,22,22,29,16,22,14,18,9,23,0,37,33,122,135,233,214,324,325,344,340,425,435,437,421,421,420,510,492,605,398,465,370,351,328,495,495,484,477,1070,1070,1063,1063,1063,1063,1063,1057,958,633,1052,1010,931,896]} 1. Nf3 Nf6 2. c4 c5 3. Nc3 b6 4. g3 Bb7 5. Bg2 e6 6. O-O Be7 7. Re1 Ne4 8. Nxe4 Bxe4 9. d3 Bb7 10. e4 O-O 11. d4 cxd4 12. Nxd4 d6 13. b3 a6 14. a4 Qc7 {A17: English Opening: 1...Nf6 with ...Bb4} 15. Ba3 (15. Ra2 Re8 16. Rd2 Nd7 17. Bb2 Bf8 18. Re3 Rad8 19. Qa1 Nc5 20. b4 Nd7 21. Rc2 Rc8 22. Nb3 {½-½ (50) Gledura,B (2600)-Ponizil,C (2480) Slovakia 2017}) 15... Nd7 16. Bb4 {LiveBook: 3 Games} Rac8 {The position is equal.} 17. Ra2 Rfe8 18. Rd2 $146 ({Predecessor:} 18. f4 Nc5 19. Rd2 Bf8 20. Bc3 d5 21. exd5 exd5 22. Rxe8 Rxe8 23. cxd5 Ne4 24. Bxe4 Rxe4 25. Nc6 Bxc6 26. dxc6 Qxc6 27. Bd4 Bb4 28. Bf2 Bxd2 {0-1 (28) Yagupov,I (2392)-Gordievsky,D (2480) Kazan 2015}) 18... Qb8 19. Ba3 Rcd8 20. f4 Bf8 21. f5 Qa8 (21... e5 $14 22. Nc2 Nc5) 22. fxe6 $16 fxe6 (22... Ne5 $16 23. exf7+ Nxf7) 23. Bh3 $18 Bxe4 (23... Ne5 {keeps fighting.} 24. Bxe6+ (24. Nxe6 Bc8 $18) 24... Kh8) 24. Nxe6 Ne5 {next ...Nf3+ is good for Black.} 25. Nxd8 Rxd8 26. Be6+ Kh8 27. Bd5 Bxd5 28. Rxd5 {[#] And now Rexe5 would win.} Re8 {Black hopes to continue with ...Nf3+.} 29. Rf1 Qc8 30. Bb2 Be7 31. Bxe5 dxe5 32. Re1 e4 (32... Bc5+ $142 33. Kg2 (33. Kh1 Bd4 $18) 33... Bd4) 33. Rxe4 {White is clearly winning.} Bc5+ 34. Kg2 {Rxe8+ is the strong threat.} Rxe4 (34... Rg8 $142 35. Qg4 Qf8) 35. Rd8+ Re8 36. Rxc8 Rxc8 {[#]} 37. a5 $1 bxa5 38. Qd7 Rf8 39. Qc6 Rf2+ 40. Kh3 Bb4 41. c5 {Precision: White = 70%, Black = 23%.} 1-0

[Event "13th Poti Nana Aleksandria Cup"]
[Site "Poti"]
[Date "2018.07.16"]
[Round "5"]
[White "Martynyuk, Elizaveta"]
[Black "Poormosavi, Seyed Kian"]
[Result "0-1"]
[WhiteElo "2182"]
[BlackElo "2221"]
[Annotator "TA"]
[PlyCount "116"]
[EventDate "2018.07.13"]
[EventType "swiss"]
[EventCountry "GEO"]
[SourceTitle "playchess.com"]
[Source "ChessBase"]
[SourceQuality "1"]

{[%evp 25,116,0,-7,-63,-66,-150,-163,-150,-143,-184,-170,-237,-229,-296,-291,-281,-286,-375,-379,-331,-274,-505,-506,-481,-397,-397,-383,-371,-345,-481,-481,-481,-481,-481,-481,-481,-481,-481,-481,-481,-419,-419,-419,-416,-400,-391,-395,-418,-404,-543,-539,-507,-312,-494,-458,-12832,-2303,-12837,-12831,-12844,-12844,-12844,-12843,-12844,-12844,-12845,-12844,-12846,-12847,-12847,-12847,-12848,-12847,-12847,-12847,-12848,-12848,-12849,-12849,-12850,-12851,-12851,-12851,-12851,-12851,-12851,-12851,-12851,-12851,-12851,-12851,-12851,-29991]} 1. e4 c5 2. Nf3 Nc6 3. d4 cxd4 4. Nxd4 g6 5. c4 Bg7 6. Be3 Nf6 7. Nc3 O-O 8. Be2 b6 9. O-O Bb7 10. Qd2 Nxd4 11. Bxd4 e5 12. Bxe5 Nxe4 13. Nxe4 Bxe5 {[#] LiveBook: 30 Games} 14. Ng5 $146 {B38: Sicilian: Maroczy Bind with 5...Bg7 and 7...0-0} (14. Nd6 $11 Bxd6 15. Qxd6) ({Predecessor:} 14. f4 Bxb2 15. Qxb2 Bxe4 16. Bf3 Bxf3 17. Rxf3 Rc8 18. f5 Rxc4 19. Raf1 gxf5 20. Rxf5 Rg4 21. Qe5 d6 {0-1 (67) Flores,D (2567)-Cuartas,J (2492) Medellin 2017}) 14... Qf6 {[#] Threatens to win with ...Bf4.} 15. Nf3 (15. Bf3 $15 Bc6 16. Ne4 Bxe4 17. Bxe4 Bxb2 18. Rab1) 15... Bxb2 $17 16. Rab1 {Black is clearly better.} Bc3 17. Qxd7 Bc6 18. Qg4 (18. Qd3 $142) 18... Rfe8 $19 {[%cal Bf8e8,Be8e2,Be2e4,Be4f4][%mdl 32]} 19. Bd3 Rad8 20. Bc2 Re2 21. Bb3 Re4 22. Qg3 Rf4 23. Ng5 $2 (23. Rbd1 {is a better defense.} Rxd1 24. Bxd1) 23... h5 24. c5 Rg4 25. Nxf7 {[#] Black must now prevent Nh6+.} Rxg3 26. Nxd8+ Kh7 27. hxg3 Qxd8 28. cxb6 axb6 29. Rbc1 Qf6 30. Rfd1 Bb4 31. Bd5 Bxd5 32. Rxd5 Bc5 33. Rc2 Qe6 34. Rdd2 g5 {[%cal Bg6g5,Bg5g4,Bg4g3][%mdl 32]} 35. Kh2 Kg6 36. Re2 Qg4 37. Red2 h4 38. gxh4 Qxh4+ 39. Kg1 g4 {Black is clearly winning.} 40. Rc4 (40. Rd3 $142) 40... Qg5 41. Rd3 Qf5 42. Rd2 g3 43. Rcc2 Bxf2+ 44. Rxf2 gxf2+ 45. Rxf2 {[%mdl 4096] Endgame KQ-KR} Qe5 46. Rc2 Kg5 47. Rf2 Kg4 48. Rf1 Qe2 49. Rf2 Qe3 50. Kf1 Qc1+ 51. Ke2 Kg3 52. Rf3+ Kxg2 {( -> ...Qc2+)} 53. Rd3 b5 {[%cal Bb6b5,Bb5b4][%mdl 32]} 54. Rd2 Kg3 55. Kd3 Qc4+ 56. Ke3 b4 57. Re2 Qc3+ 58. Ke4 Qf3+ {Precision: White = 33%, Black = 90%.} 0-1

[Event "13th Poti Nana Aleksandria Cup"]
[Site "Poti"]
[Date "2018.07.16"]
[Round "5"]
[White "Yeritsyan, Hayk"]
[Black "Mnatsakanian, Arsen"]
[Result "0-1"]
[WhiteElo "2178"]
[BlackElo "2047"]
[Annotator "TA"]
[PlyCount "75"]
[EventDate "2018.07.13"]
[EventType "swiss"]
[EventCountry "GEO"]
[SourceTitle "playchess.com"]
[Source "ChessBase"]
[SourceQuality "1"]

{[%evp 13,75,27,22,0,13,0,0,7,7,-5,71,67,87,-377,-378,-374,-377,-372,-393,-379,-372,-395,-383,-433,-361,-432,-427,-425,-421,-505,-495,-545,-533,-631,-632,-610,-634,-616,-485,-718,-664,-743,-829,-849,-847,-843,-658,-598,-564,-560,-567,-534,-527,-545,-525,-613,-610,-600,-585,-742,-736,-1225,-1165,-4682]} 1. e4 d6 2. d4 Nf6 3. Nc3 Nbd7 4. Nf3 e5 5. g4 Nxg4 6. Rg1 {C41: Philidor Defence} exd4 7. Nxd4 Ngf6 {LiveBook: 8 Games} 8. Bg5 {The position is equal.} h6 9. Be3 Ne5 $146 ({Predecessor:} 9... c6 10. Qd2 Ne5 11. O-O-O g5 12. f4 gxf4 13. Bxf4 {0-1 (38) Degraeve,R (2137)-Jobava,B (2701) chess.com INT 2017}) 10. f4 Nfg4 11. Qe2 Qh4+ {[#]} (11... Nxe3 $11 {remains equal.} 12. Qxe3 Qh4+ 13. Qg3 Qxg3+ 14. Rxg3 Ng6) 12. Rg3 $1 $16 Nxh2 13. O-O-O $2 {[%mdl 8192]} (13. Qg2 $16 {and life is bright.}) 13... Qxg3 $19 14. fxe5 {and if Nd5 works, White does fine.} c6 15. Qd2 Nxf1 16. Rxf1 Qxe5 17. Bf4 Qa5 18. e5 Bh3 19. Nb3 Qa6 {Black is clearly winning.} 20. Re1 d5 21. e6 Bxe6 22. Nd4 O-O-O 23. Qe3 Bc5 24. Bh2 Qc4 25. Rd1 Bd6 26. Bg1 (26. Bxd6 $142 Rxd6 27. b3) 26... Rde8 27. Nxe6 Rxe6 28. Qxa7 Bb8 29. Qb6 c5 30. Qa5 Ra6 31. Qxc5+ Qxc5 32. Bxc5 Bd6 33. Bd4 f6 34. a3 Be5 35. Bxe5 fxe5 36. Rxd5 h5 {[%cal Bh6h5,Bh5h4][%mdl 32]} 37. Rxe5 h4 38. Nb1 {Precision: White = 20%, Black = 78%.} 0-1

[Event "13th Poti Nana Aleksandria Cup"]
[Site "Poti"]
[Date "2018.07.16"]
[Round "5"]
[White "Pshmahov, Osman"]
[Black "Eynullayev, Atilla"]
[Result "0-1"]
[WhiteElo "2136"]
[BlackElo "2120"]
[Annotator "TA"]
[PlyCount "128"]
[EventDate "2018.07.13"]
[EventType "swiss"]
[EventCountry "GEO"]
[SourceTitle "playchess.com"]
[Source "ChessBase"]
[SourceQuality "1"]

{[%evp 21,128,-65,-49,-74,-60,-79,-57,-106,-72,-69,-71,-83,-52,-93,-93,-89,-93,-120,-117,-162,-97,-95,-103,-99,-96,-446,-316,-313,-289,-258,-168,-350,-357,-351,-341,-343,-326,-339,-322,-322,-323,-323,-323,-306,-315,-322,-303,-298,-280,-302,-286,-275,-214,-394,-293,-487,-473,-610,-593,-689,-679,-1654,-1263,-3083,-1104,-1295,-865,-6621,-6368,-5724,-5081,-6741,-5616,-29955,-29963,-12718,-12718,-29956,-29963,-29976,-29970,-29976,-29977,-29968,-29969,-29969,-29970,-29968,-29965,-29960,-29955,-12821,-12786,-29963,-29974,-29977,-29971,-29978,-29969,-29993,-29994,-29994,-29995,-29995,-29996,-29996,-29996,-29997,-4722]} 1. Nf3 Nf6 2. g3 d5 3. Bg2 c5 4. d3 Nc6 5. O-O e6 6. Nbd2 g6 7. e4 Bg7 8. exd5 Nxd5 9. Ne4 b6 {A08: King's Indian Attack} 10. c4 Nde7 11. Bg5 O-O {LiveBook: 6 Games. Black is slightly better.} 12. Qd2 $146 {[#]} ({Predecessor:} 12. Bf6 Bxf6 13. Nxf6+ Kg7 14. Ng4 h5 15. Ne3 Bb7 16. Qd2 Qd7 17. Rfe1 Rad8 {½-½ (17) Rathnakaran,K (2387)-Kunte,A (2486) New Delhi 2015}) 12... f6 $1 {[%cal Rf6g5]} 13. Be3 e5 14. Nc3 Be6 15. a3 a5 16. Qc2 Rb8 17. Nb5 Qd7 18. Rad1 Bg4 19. Qb1 f5 20. h3 {[#]} f4 (20... Bxf3 $1 $19 21. Bxf3 f4) 21. hxg4 $17 {gxf4 is the strong threat.} fxe3 22. fxe3 Qxg4 {aiming for ...Nf5.} 23. Nc7 $2 {[%mdl 8192]} (23. Nd6 $17) 23... Bh6 24. Rde1 Qxg3 25. Nd5 Rf7 26. Re2 $2 (26. Nc3) 26... Rbf8 $19 27. Qe1 Rxf3 28. Nf6+ R8xf6 29. Qxg3 Rxg3 30. Rxf6 Bxe3+ 31. Rxe3 Rxe3 32. Bxc6 Nxc6 ({But not} 32... Rxd3 33. Ba4 $19) 33. Rxc6 Rxd3 34. Rxb6 {[%mdl 4096] Endgame KR-KR} Rd4 35. Rb5 Rxc4 36. Rxa5 Kg7 37. b3 $2 (37. Ra7+ {is the only way for White.} Kf6 38. Rxh7) 37... Rc3 38. Rb5 $2 (38. Ra7+ Kf6 39. Rxh7) 38... Kf6 39. Kf2 c4 40. bxc4 Rxc4 41. Ra5 Rc3 42. a4 h5 (42... Ra3 $142 43. Ra8 Kf5) 43. Ra8 Kf5 44. a5 Ra3 45. a6 g5 46. a7 Kg4 47. Kg2 Ra2+ 48. Kg1 e4 49. Re8 Rxa7 50. Rxe4+ Kf5 51. Rb4 Ra2 52. Rc4 h4 53. Rb4 Kg6 54. Rb3 Kh5 55. Rc3 Ra5 56. Kg2 g4 57. Rc8 Ra2+ {Black mates.} 58. Kh1 h3 59. Rc3 Kh4 60. Rb3 Ra1+ 61. Kh2 {[#]} g3+ $1 62. Rxg3 Ra2+ 63. Rg2 Rxg2+ 64. Kh1 Ra2 {Precision: White = 20%, Black = 79%.} (64... Rf2 $142 65. Kg1 Kg3 66. Kh1 Rf1#) 0-1